Transición del románico al gótico.

Guardado en:
Formato: Deslizar
Materias:
Etiquetas: Agregar Etiqueta
Sin Etiquetas, Sea el primero en etiquetar este registro!
LEADER 00830ngm a22002415g 4500
001 CEM.cems022107
008 130507b1994##################0###0#####d
005 20241004150054.0
245 0 0 |a Transición del románico al gótico. 
300 |a 08'. 
500 |a En soporte VHS, consultar en ventanilla. 
505 0 |a Innovaciones del gótico frente al románico. Bóveda de crucería. Monasterios cistercienses. Arco ojival. 
538 |a Soporte: VHS - Norma: Pal N - Color - Grabación DRD 1994 - Hitachi=4975 
082 7 5 |. 06/TRU 
653 |a ARTE 
653 |a GOTICO 
653 |a ROMANICO 
653 |a ARQUITECTURA 
653 |a BOVEDA DE CRUCERIA 
653 |a ARCO OJIVAL 
653 |a MONASTERIO CISTERCIENSE 
653 |a NIVEL SECUNDARIO 
859 |a CEMS  |b BIB. CEMS - Depto. Recursos Didacticos  |h 759.06  |i TRU  |k DRD  |p 750.12  |t Ej.1